000
00305nam a22001217a 4500
008
230620b xxu||||| |||| 00| 0 eng d
082
_a
320.94
_b
CON
100
_c
Robert Conquest
245
_a
The Soviet Political System
260
_a
London
_b
The Bodley Head Ltd
_c
1968
300
_a
144p
942
_2
ddc
_c
BK
999
_c
1633
_d
1633